ROSÉ - not the same (All Lyrics) - Statistics

General Stats
  • This quiz has been taken 10 times
  • The average score is 258 of 341
Answer Stats
% Correct
not
100%
you
100%
a
88%
and
88%
And
88%
babe
88%
don't
88%
Don't
88%
don’t
88%
fucked
88%
I
88%
kidding
88%
know
88%
same
88%
that
88%
That
88%
the
88%
up
88%
who
88%
Yeah
88%
yeah
88%
your
88%
you're
88%
you’re
88%
But
75%
but
75%
change
75%
go
75%
good
75%
had
75%
I'm
75%
in
75%
it
75%
just
75%
nothing
75%
on
75%
only
75%
overnight
75%
right
75%
Say
75%
side
75%
some
75%
things
75%
think
75%
time
75%
we
75%
all
63%
All
63%
circles
63%
day
63%
days
63%
get
63%
keys
63%
me
63%
memories
63%
miss
63%
of
63%
once
63%
our
63%
talking
63%
to
63%
trusting
63%
twice
63%
want
63%
what
63%
broke
50%
confide
50%
Did
50%
down
50%
face
50%
Find
50%
for
50%
gon’
50%
gon'
50%
lies
50%
light
50%
like
50%
love
50%
my
50%
Oh
50%
okay
50%
One
50%
Pick
50%
purple
50%
Shame
50%
shame
50%
stuff
50%
Tell
50%
tiring?
50%
turns
50%
way
50%
be
38%
can
38%
come
38%
Drop
38%
figure
38%
heart
38%
keep
38%
Promise
38%
put
38%
till
38%
waste
38%
with
38%
finger
25%
it’d
25%
letting
25%
new
25%
nothing's
25%
pointing
25%
Thought
25%
through
25%
us
25%
walking
25%
thе
0%
Yеah
0%
No matching quizzes found
Score Distribution
Percent of People with Each Score
Percentile by Number Answered
Your Score History
You have not taken this quiz